Представление документа в формате MARC21

Поле Инд. ПП Название Значение
Тип записи a
Библиографический уровень m
001 Контрольный номер fddb4e7f044948ea8d13dd7e1f7302cd
005 Дата корректировки 20260413122420.5
020 a ISBN 978-5-7995-1319-1
c Цена, тираж 734 р.
080 a Индекс УДК 355.233(075.8)
084 a Индекс другой классификации/Индекс ББК Ц4,6(2)241я7
090 x Авторский знак О-28
a Полочн. индекс Ц
097 b Оператор *Ж*
b Оператор *Вин*
097 b Оператор *Фа-С*
097 b Оператор *Ст*
100 1_ a Автор Баранчиков Н.В.
245 10 a Заглавие *Общевоенная подготовка (Общевоинские уставы Вооруженных Сил Российской Федерации)
b Продолж. заглавия учебное пособие
c Ответственность Тверской государственный технический университет
260 a Место издания Тверь
b Издательство ТвГТУ
c Дата издания 2023
300 a Объем 108 с.
515 a Прим. об особенностях нумерации № 5070
516 8_ a Прим. о типе комп. файла/ данных Текст : непосредственный
520 0_ a Аннотация Приведены основные положения общевоинских уставов Вооруженных Сил Российской Федерации в порядке их изучения курсантами военного учебного центра. Материал изложен с учетом специфики обучения курсантов в доходчивом и удобном виде. Рассмотрены права, обязанности и ответственность военнослужащих Вооруженных Сил Российской Федерации, взаимоотношения между ними, обязанности основных должностных лиц полка и его подразделений, правила внутреннего порядка, сущность воинской дисциплины, обязанности военнослужащих по ее соблюдению, виды поощрений и дисциплинарных взысканий, права командиров (начальников) по их применению, порядок подачи и рассмотрения обращений (предложений, заявлений и жалоб). Отражены предназначение, порядок организации и несения гарнизонной и караульной служб, а также права и обязанности должностных лиц гарнизона и военнослужащих, несущих эти службы. Предназначено для курсантов военных учебных центров, обучающихся по военно-учетным специальностям 225 001, 615 182, 069 543.
583 a Действие Перевод
653 0_ a Ключевые слова Общевоенная подготовка
a Ключевые слова Ответственность военнослужащих
a Ключевые слова Должностные обязанности военнослужащих
a Ключевые слова Внутренний порядок
a Ключевые слова Суточный наряд
a Ключевые слова Дисциплинарные взыскания
a Ключевые слова Устав Вооруженных сил
655 a Жанр/ форма (устаревшее) *М*
700 12 a Другие авторы Егралиев А.А.
700 12 a Другие авторы Кудин Ю.Г.
700 12 a Другие авторы Олейник А.П.
900 a Имя макрообъекта 001-000159395-000000000-0000-0000-00
901 t Тип документа m
905 b Дата создания записи обработка 04.04.24
d Дата перевода 03.03.26
951 i EL-ТГТУ? Да
952 a Тип литературы для КСУ ВШ *М2*
952 e Факультет *ФУСК*
990 h N записи в КСУ для Б/У (DOS) 11/2024
h N записи в КСУ для Б/У (DOS) 8/2026
990 c Приоритет заказа (DOS) *о*
f Даты поступлений (DOS) 25.03.24
f Даты поступлений (DOS) 08.04.26
g Размещение заказа (DOS) РИЦ
j Количество экземпляров (DOS) 42+1